Fire paths/ (Record no. 193695)

MARC details
000 -LEADER
fixed length control field 00592nam a22001817a 4500
005 - DATE AND TIME OF LATEST TRANSACTION
control field 20221109164628.0
010 ## - LCCN (DPL NO)
LC control number ENG-135643
020 ## - INTERNATIONAL STANDARD BOOK NUMBER
International Standard Book Number 9789354272783
Terms of availability 109.00
035 ## - SYSTEM CONTROL NUMBER
System control number EN-119175
037 ## - SOURCE OF ACQUISITION
Source of stock number/acquisition DBAD/PUB
082 ## - DEWEY DECIMAL CLASSIFICATION NUMBER
Classification number 921
100 ## - MAIN ENTRY--PERSONAL NAME
Personal name Geevarghese, K.
245 ## - TITLE STATEMENT
Title Fire paths/
Statement of responsibility, etc by K. Geevarghese
260 ## - PUBLICATION, DISTRIBUTION, ETC. (IMPRINT)
Place of publication, distribution, etc Daryaganj
Name of publisher, distributor, etc Bluerose Publishers
Date of publication, distribution, etc 2020
270 ## - ADDRESS
Address 4233/1, First Floor, Main, Ansari Rd, near Allahabad Bank, Daryaganj
City New Delhi
Postal code 110002
Telephone number 918882898898
Electronic mail address info@bluerosepublishers.com
300 ## - PHYSICAL DESCRIPTION
Extent vi; 76p.
Dimensions 20cm(pbk)
942 ## - ADDED ENTRY ELEMENTS (KOHA)
Source of classification or shelving scheme Dewey Decimal Classification
Item type English Books
Call number suffix GEE
Classification part 921
Holdings
Withdrawn status Lost status Not for loan Collection code Home library Current library Date acquired Source of acquisition Cost, normal purchase price Full call number Barcode Copy number Cost, replacement price Koha item type
      Fiction R.K.Puram-8 R.K.Puram-8 09/11/2022 DBAD/PUB 109.00 921 GEE EN-119175 1 109.00 English Books

© Delhi Public Library
Hit Counter
free hit counter